[Event "5th IT Lukavac 2016"]
[Site "Lukavac"]
[Date "2016.11.26"]
[Round "4.20"]
[White "Kasumovic, Muhidin"]
[Black "Yurdakul, Didem Nuray"]
[Result "0-1"]
[WhiteElo "2044"]
[BlackElo "1562"]
[PlyCount "92"]
[EventDate "2016.11.24"]

1. e4 c5 2. Nf3 Nc6 3. c3 d5 4. Bd3 Bg4 5. h3 Bh5 6. g4 Bg6 7. Qe2 e6 8. e5
Nge7 9. Bxg6 Nxg6 10. d4 Qb6 11. Be3 Rc8 12. O-O cxd4 13. cxd4 Be7 14. Nc3 O-O
15. a3 Na5 16. Nd2 Qxb2 17. Na4 Qc2 18. Qb5 Qc7 19. f4 a6 20. Qe2 Nc4 21. Rfc1
b5 22. Nxc4 bxc4 23. Nc5 Bxc5 24. dxc5 Ne7 25. Rab1 Rb8 26. Rb6 a5 27. Rcb1 Nc6
28. Qb2 h6 29. Kf2 Rfd8 30. Bd4 f6 31. Ke3 g5 32. Re1 Rf8 33. Kd2 fxe5 34. Bxe5
Nxe5 35. Rxe5 c3+ 36. Qxc3 Rxb6 37. cxb6 Qxb6 38. fxg5 Rf2+ 39. Re2 hxg5 40.
Qc8+ Kf7 41. Qc2 Qd4+ 42. Ke1 Rxe2+ 43. Qxe2 Qc3+ 44. Kd1 Qa1+ 45. Kd2 Qa2+ 46.
Kd1 Qxe2+ 0-1

[Event "5th IT Lukavac 2016"]
[Site "Lukavac"]
[Date "2016.11.26"]
[Round "4.21"]
[White "Imamovic, Samir"]
[Black "Nezirovic, Ozren"]
[Result "0-1"]
[WhiteElo "1898"]
[BlackElo "2039"]
[PlyCount "96"]
[EventDate "2016.11.24"]

1. e4 e5 2. Nf3 Nc6 3. Bc4 Nf6 4. Ng5 d5 5. exd5 Na5 6. Bb5+ Bd7 7. Bxd7+ Qxd7
8. O-O h6 9. Nf3 e4 10. Nd4 Qxd5 11. Nb3 Nc6 12. Nc3 Qe5 13. d4 Qf5 14. d5
O-O-O 15. Nd4 Nxd4 16. Qxd4 b6 17. Qc4 Bd6 18. g3 h5 19. Nb5 Qxd5 20. Nxa7+ Kb7
21. Qxd5+ Nxd5 22. Nb5 Bc5 23. c4 c6 24. cxd5 cxb5 25. Rd1 Rd7 26. a3 Rhd8 27.
b4 Bf8 28. Re1 Re7 29. Rd1 Re5 30. d6 Bxd6 31. Bf4 Re6 32. Rd5 Bc7 33. Rxh5
Bxf4 34. gxf4 Rf6 35. Rxb5 Rxf4 36. Re5 Rd2 37. Re7+ Kc6 38. Rf1 Ra2 39. Ra7
Kb5 40. Ra8 g6 41. Ra7 f5 42. a4+ Rxa4 43. Rxa4 Kxa4 44. Rb1 b5 45. Kg2 g5 46.
Rb2 Rf3 47. Rb1 Rb3 48. Rd1 Kxb4 0-1

[Event "5th IT Lukavac 2016"]
[Site "Lukavac"]
[Date "2016.11.26"]
[Round "4.22"]
[White "Osmanbegovic, Avdo"]
[Black "Basic, Enver"]
[Result "1/2-1/2"]
[WhiteElo "2027"]
[BlackElo "1869"]
[PlyCount "50"]
[EventDate "2016.11.24"]

1. e4 e5 2. Nf3 Nc6 3. Bb5 a6 4. Ba4 Nf6 5. d3 d6 6. Nbd2 b5 7. Bb3 Na5 8. O-O
Nxb3 9. axb3 Bg4 10. h3 Bh5 11. Re1 Be7 12. g4 Bg6 13. Nf1 h6 14. Ng3 Nh7 15.
d4 f6 16. Nh4 Bf7 17. Be3 g6 18. Kg2 f5 19. Nxg6 Bxg6 20. exf5 Bf7 21. Bxh6 Bg5
22. Bxg5 Nxg5 23. dxe5 dxe5 24. Rxe5+ Kf8 25. Qxd8+ Rxd8 1/2-1/2

[Event "5th IT Lukavac 2016"]
[Site "Lukavac"]
[Date "2016.11.26"]
[Round "4.23"]
[White "Hutinovic, Halim"]
[Black "Unkic, Mesud"]
[Result "1-0"]
[WhiteElo "2019"]
[BlackElo "1784"]
[PlyCount "37"]
[EventDate "2016.11.24"]

1. d4 c6 2. Nf3 d5 3. c4 Nf6 4. Nc3 dxc4 5. a4 Bg4 6. e3 e6 7. Bxc4 Nbd7 8. O-O
Bd6 9. e4 Bc7 10. Bg5 Qb8 11. e5 Nd5 12. h3 Bh5 13. Nxd5 cxd5 14. Bb5 a6 15.
Bxd7+ Kxd7 16. Qb3 Rc8 17. Rac1 Qa7 18. Qb4 Re8 19. Rxc7+ 1-0

[Event "5th IT Lukavac 2016"]
[Site "Lukavac"]
[Date "2016.11.26"]
[Round "4.24"]
[White "Zenelaj, Samuel"]
[Black "Alic, Amir"]
[Result "0-1"]
[WhiteElo "1707"]
[BlackElo "1998"]
[PlyCount "114"]
[EventDate "2016.11.24"]

1. d4 Nf6 2. Bg5 Ne4 3. Bf4 c5 4. f3 Qa5+ 5. Nd2 Nf6 6. dxc5 Qxc5 7. Nb3 Qb6 8.
Qd2 d5 9. O-O-O Nbd7 10. Qc3 e6 11. a3 Bd6 12. Bxd6 Qxd6 13. e4 Qf4+ 14. Qd2
Qxd2+ 15. Nxd2 dxe4 16. Nxe4 Nxe4 17. fxe4 Nf6 18. Bb5+ Ke7 19. Re1 a6 20. Bd3
Ng4 21. Nh3 Ne5 22. Bf1 Bd7 23. Nf2 Rac8 24. Nd3 Nc6 25. c3 Na5 26. Kb1 Rhd8
27. Ne5 f6 28. Nxd7 Rxd7 29. Be2 Rcd8 30. Rd1 Rd2 31. Rxd2 Rxd2 32. Re1 Kd6 33.
Rd1 Rxd1+ 34. Bxd1 Ke5 35. Bf3 Nb3 36. Kc2 Nc5 37. Kd2 Nxe4+ 38. Ke3 Nd6 39. b3
b6 40. Be2 a5 41. Bd3 h6 42. g4 g5 43. h3 f5 44. gxf5 exf5 45. a4 Ne8 46. b4
Nc7 47. b5 Ne6 48. c4 g4 49. hxg4 fxg4 50. Kf2 Kf4 51. Bg6 Nc5 52. Bc2 h5 53.
Kg2 h4 54. Bd1 h3+ 55. Kh2 Ne4 56. Bc2 Nf2 57. Kg1 g3 0-1

[Event "5th IT Lukavac 2016"]
[Site "Lukavac"]
[Date "2016.11.26"]
[Round "4.25"]
[White "Kocanovic, Armin"]
[Black "Sadikovic, Jasmin"]
[Result "0-1"]
[WhiteElo "1665"]
[BlackElo "2128"]
[PlyCount "92"]
[EventDate "2016.11.24"]

1. c4 Nf6 2. g3 e5 3. Bg2 Nc6 4. Nc3 Bc5 5. Nf3 O-O 6. d3 Re8 7. O-O d6 8. a3
a5 9. b3 Bf5 10. Bb2 Qc8 11. e3 e4 12. dxe4 Nxe4 13. Nd4 Nxc3 14. Bxc3 Bh3 15.
Nxc6 Bxg2 16. Kxg2 bxc6 17. Qf3 Qa6 18. Qg4 g6 19. Qg5 Re6 20. f4 f5 21. e4 Qc8
22. Kh1 Qf8 23. Rae1 Rae8 24. exf5 Rxe1 25. Rxe1 Rxe1+ 26. Bxe1 Qe8 27. Kg2
Qxe1 28. Qd8+ Kf7 29. Qxc7+ Qe7 30. fxg6+ hxg6 31. Qxa5 Qe4+ 32. Kh3 Qf5+ 33.
Kg2 Qe4+ 34. Kh3 Qf5+ 35. Kg2 Qd7 36. b4 Bd4 37. h4 d5 38. cxd5 cxd5 39. b5 Qd6
40. Qd2 Bc5 41. a4 d4 42. a5 d3 43. a6 Qd5+ 44. Kh3 Qe6+ 45. f5 Qxf5+ 46. Kg2
Qe4+ 0-1

[Event "5th IT Lukavac 2016"]
[Site "Lukavac"]
[Date "2016.11.26"]
[Round "4.26"]
[White "Softic, Kasim"]
[Black "Pasalic, Adnan"]
[Result "0-1"]
[WhiteElo "1871"]
[BlackElo "2027"]
[PlyCount "76"]
[EventDate "2016.11.24"]

1. e4 e5 2. Nf3 Nf6 3. Nc3 Nc6 4. Bb5 a6 5. Ba4 b5 6. Bb3 Be7 7. O-O O-O 8. Re1
d6 9. h3 Na5 10. d3 Bb7 11. Bg5 Nxb3 12. axb3 c5 13. Ne2 h6 14. Bh4 Qc7 15. c4
Rab8 16. Qc2 Qb6 17. Reb1 bxc4 18. bxc4 Bc6 19. Bxf6 Bxf6 20. Kh2 a5 21. b3 Qc7
22. Ra3 Bd8 23. g4 Qd7 24. Rg1 Qe6 25. Qd2 Bd7 26. Nc3 h5 27. Nd5 Qg6 28. gxh5
Qxh5 29. Rg3 f5 30. exf5 Rxf5 31. Ng1 Bh4 32. Rxa5 Rbf8 33. Rg2 Rxf2 34. Ne7+
Kh7 35. Qe3 Rxg2+ 36. Kxg2 Bxe7 37. Ra7 Bc6+ 38. Kh2 Bg5 0-1

[Event "5th IT Lukavac 2016"]
[Site "Lukavac"]
[Date "2016.11.26"]
[Round "4.27"]
[White "Lapo, Safet"]
[Black "Nalic, Ahmet"]
[Result "1-0"]
[WhiteElo "1799"]
[BlackElo "2019"]
[PlyCount "111"]
[EventDate "2016.11.24"]

1. d4 Nf6 2. Bf4 g6 3. Nf3 Bg7 4. Nbd2 O-O 5. e3 Na6 6. c3 d6 7. Be2 c5 8. O-O
Nh5 9. Bg3 Nxg3 10. hxg3 Bd7 11. Nb3 cxd4 12. Nfxd4 Qb6 13. Qd2 Rfd8 14. Bd3
Nc5 15. Bc2 a5 16. Rab1 a4 17. Nc1 e5 18. Nf3 d5 19. Rd1 Bg4 20. Ne2 Qc7 21.
Nh2 Be6 22. Nc1 b5 23. a3 Ne4 24. Qe1 Nd6 25. Nf3 Nc4 26. Ne2 Kh8 27. Ng5 Bg4
28. Nf3 Be6 29. Ng5 Bg4 30. Nf3 h6 31. Nh2 Be6 32. Nf3 Qc5 33. Nc1 Bg4 34. Ne2
Qc7 35. Nh2 Be6 36. Nf3 Qc6 37. Kh2 Bg4 38. Qf1 Rd7 39. Nd2 Rad8 40. Nxc4 bxc4
41. Rd2 Rb8 42. Qd1 Be6 43. Bxa4 Qb7 44. Bxd7 Qxd7 45. a4 Qb7 46. Ra1 Bf8 47.
a5 Ra8 48. e4 dxe4 49. Rd8 Kg7 50. Rxa8 Qxa8 51. a6 Qa7 52. Nd4 Bd7 53. Nc2 Bc5
54. Ne3 Bb5 55. Qd5 f6 56. Ra5 1-0

[Event "5th IT Lukavac 2016"]
[Site "Lukavac"]
[Date "2016.11.26"]
[Round "4.28"]
[White "Zivkovic, Milenko"]
[Black "Mujcinovic, Muharem"]
[Result "1-0"]
[WhiteElo "1988"]
[BlackElo "1780"]
[PlyCount "53"]
[EventDate "2016.11.24"]

1. d4 d5 2. e4 dxe4 3. Nc3 Nf6 4. Bg5 h6 5. Bxf6 exf6 6. Nxe4 Be7 7. Nf3 O-O 8.
Bd3 Bb4+ 9. c3 Bd6 10. O-O c6 11. Re1 Bc7 12. Ng3 g6 13. Qb3 Kg7 14. Rad1 b6
15. Rd2 Re8 16. Rxe8 Qxe8 17. Re2 Qd8 18. Bc4 Qf8 19. Qc2 Bg4 20. Qe4 Bxf3 21.
Qxf3 Qd6 22. Re8 a5 23. Qe2 b5 24. Bb3 a4 25. Bc2 Ra7 26. Qg4 Qd7 27. Nh5+ 1-0

[Event "5th IT Lukavac 2016"]
[Site "Lukavac"]
[Date "2016.11.26"]
[Round "4.29"]
[White "Mikic, Ivana"]
[Black "Mulic, Sulejman"]
[Result "1/2-1/2"]
[WhiteElo "1577"]
[BlackElo "1937"]
[PlyCount "161"]
[EventDate "2016.11.24"]

1. e4 e6 2. d4 d5 3. e5 c5 4. c3 Nc6 5. Nf3 Bd7 6. Be2 Qc7 7. a3 f6 8. Bf4
O-O-O 9. Bg3 f5 10. Ng5 Nh6 11. b4 c4 12. a4 Be7 13. Bh4 Rde8 14. Bh5 g6 15.
Be2 Rhf8 16. Nf3 Qd8 17. Bxe7 Qxe7 18. Qc1 Nf7 19. Na3 g5 20. Nc2 g4 21. Nd2
Ng5 22. a5 a6 23. Ne3 h5 24. Nd1 h4 25. Nb2 Na7 26. f4 gxf3 27. Bxf3 h3 28. g3
Rh8 29. Qc2 Ref8 30. O-O-O Ne4 31. Nxe4 fxe4 32. Be2 Rf2 33. Rdf1 Rhf8 34. Rxf2
Rxf2 35. Nd1 Rg2 36. Ne3 Qg5 37. Qd2 Rf2 38. Ng4 e3 39. Nxe3 Qg6 40. Ng4 Rf8
41. Nf6 Ba4 42. Bd1 Bxd1 43. Rxd1 Nb5 44. Kb2 Nd6 45. Nxd5 exd5 46. exd6 Qxd6
47. Qe2 Qf6 48. Rd2 Kc7 49. Qh5 Qf5 50. Qxf5 Rxf5 51. Re2 Rf1 52. g4 Rg1 53.
Re3 Rg2+ 54. Kb1 Rxh2 55. g5 Rh1+ 56. Kb2 h2 57. Rh3 Rg1 58. Rxh2 Rxg5 59. Re2
Rg3 60. Kc2 Kc6 61. Kb2 Kb5 62. Rf2 b6 63. axb6 Kxb6 64. Rf5 Kc6 65. Rh5 Rg2+
66. Kc1 Kb5 67. Rxd5+ Ka4 68. Re5 Kb3 69. Re3 Rg5 70. Kd2 a5 71. bxa5 Rxa5 72.
Kd1 Rh5 73. Rf3 Kb2 74. Kd2 Rh2+ 75. Kd1 Kb3 76. Rg3 Ra2 77. Rh3 Rc2 78. Rg3
Kb2 79. Rf3 Rh2 80. Rg3 Kb3 81. Rf3 1/2-1/2

[Event "5th IT Lukavac 2016"]
[Site "Lukavac"]
[Date "2016.11.26"]
[Round "4.30"]
[White "Selimovic, Amir"]
[Black "Aydin, Gulenay"]
[Result "1-0"]
[WhiteElo "1937"]
[BlackElo "1416"]
[PlyCount "75"]
[EventDate "2016.11.24"]

1. d4 Nf6 2. c4 g6 3. Nc3 Bg7 4. Nf3 O-O 5. Bf4 d6 6. h3 Nbd7 7. e3 Re8 8. Be2
c6 9. O-O Qc7 10. c5 Nh5 11. Bh2 Rd8 12. Ng5 Nhf6 13. Bc4 e6 14. Bxd6 Qa5 15.
a3 Re8 16. b4 Qd8 17. e4 h6 18. Nf3 Bf8 19. Bh2 Kh7 20. Qc2 Be7 21. d5 exd5 22.
exd5 Kg7 23. dxc6 bxc6 24. Qb3 Rf8 25. Rad1 a6 26. Nd4 Bb7 27. Bxf7 Qc8 28. Bc4
Kh7 29. Ne6 Re8 30. Nc7 Rf8 31. Rfe1 Bd8 32. Nxa8 Qxa8 33. Be6 Bc8 34. Na4 Qb7
35. Bd6 Re8 36. Bf7 Rxe1+ 37. Rxe1 Kg7 38. Bc4 1-0

[Event "5th IT Lukavac 2016"]
[Site "Lukavac"]
[Date "2016.11.26"]
[Round "4.31"]
[White "Ozturk, Nil"]
[Black "Huremovic, Elmedin"]
[Result "0-1"]
[WhiteElo "1314"]
[BlackElo "1899"]
[PlyCount "118"]
[EventDate "2016.11.24"]

1. e4 e5 2. Nf3 Nc6 3. Nc3 Nf6 4. Bb5 Bb4 5. O-O O-O 6. Re1 d6 7. h3 Be6 8. d4
exd4 9. Nxd4 Nxd4 10. Qxd4 Bc5 11. Qd3 c6 12. Ba4 Nd7 13. Bf4 Ne5 14. Qd2 Qh4
15. Bg3 Qxg3 16. Kh1 Qxf2 17. Qxf2 Bxf2 18. Re2 Bc5 19. Bb3 Bxb3 20. axb3 Bd4
21. Nd1 f5 22. exf5 Rxf5 23. Nc3 Bxc3 24. bxc3 a6 25. Rd1 d5 26. Kh2 Raf8 27.
Rde1 Ng6 28. Kg1 Rg5 29. Kh2 Nh4 30. Rd1 Rgf5 31. Rdd2 Ng6 32. Re1 Rf2 33. Red1
Rxd2 34. Rxd2 Re8 35. g3 Ne5 36. Kg2 Kf7 37. Rf2+ Ke6 38. Re2 Kd6 39. Rf2 c5
40. Rd2 Kc6 41. Re2 b5 42. Rd2 a5 43. Rd1 a4 44. Ra1 Ra8 45. bxa4 bxa4 46. Kf2
a3 47. Ke2 Re8 48. Kf2 Nc4 49. h4 Re3 50. g4 Rxc3 51. Ra2 Rh3 52. h5 g6 53.
hxg6 hxg6 54. Kg2 Re3 55. Kf2 d4 56. Ra1 Rc3 57. Ra2 Kb5 58. g5 Ka4 59. Ke2 Rg3
0-1

[Event "5th IT Lukavac 2016"]
[Site "Lukavac"]
[Date "2016.11.26"]
[Round "4.33"]
[White "Sabanagic, Mirza"]
[Black "Cabric, Izet"]
[Result "0-1"]
[WhiteElo "1596"]
[BlackElo "1933"]
[PlyCount "90"]
[EventDate "2016.11.24"]

1. e4 d6 2. d4 Nf6 3. Nc3 g6 4. f4 Bg7 5. Nf3 O-O 6. Bd3 a6 7. O-O b5 8. b3 c5
9. dxc5 dxc5 10. e5 Ng4 11. Qe2 Bb7 12. Bd2 Qb6 13. Kh1 Rd8 14. h3 Nh6 15. a4
b4 16. Ne4 Nf5 17. Be1 Nc6 18. Kh2 Ncd4 19. Nxd4 Nxd4 20. Qe3 f6 21. exf6 exf6
22. Nd2 Re8 23. Qf2 f5 24. Nc4 Qd8 25. Rd1 Kh8 26. Bd2 Nxb3 27. cxb3 Qxd3 28.
Qxc5 Re2 29. Rg1 Bd4 30. Qc7 Bxg1+ 31. Rxg1 Qe4 32. Qe5+ Qxe5 33. fxe5 a5 34.
Bg5 Kg8 35. Bf6 f4 36. h4 f3 37. Kg3 fxg2 38. Bg5 Ba6 39. Ne3 Rc8 40. Nd5 Rcc2
41. Rd1 Rxe5 42. Nf6+ Kf7 43. Ng4 Ree2 44. Kh2 g1=Q+ 45. Kxg1 Rg2+ 0-1

[Event "5th IT Lukavac 2016"]
[Site "Lukavac"]
[Date "2016.11.26"]
[Round "4.35"]
[White "Rakita, Jandrija"]
[Black "Karlovic, Zvonimir"]
[Result "0-1"]
[WhiteElo "1544"]
[BlackElo "1873"]
[PlyCount "118"]
[EventDate "2016.11.24"]

1. e4 e5 2. Nf3 Nf6 3. d4 exd4 4. Nxd4 Nxe4 5. Bd3 Nf6 6. O-O d6 7. Bg5 Be7 8.
Re1 O-O 9. h3 h6 10. Bh4 Nc6 11. Nxc6 bxc6 12. Qe2 Be6 13. Nc3 Re8 14. Bxf6
Bxf6 15. Qe4 g6 16. Qxc6 Bd7 17. Qc4 c6 18. Rab1 d5 19. Qc5 Kg7 20. Ne2 Qb6 21.
Qd6 Rad8 22. Qa3 c5 23. Nc3 Bc6 24. Rxe8 Rxe8 25. Na4 Bxa4 26. Qxa4 Re7 27. Qa6
Qb4 28. Qd6 Re1+ 29. Rxe1 Qxe1+ 30. Bf1 Bd4 31. Qg3 Bxb2 32. Qe3 Qb4 33. g3 a5
34. Bg2 Bd4 35. Qc1 Qc4 36. Qb1 Qe2 37. Qf1 Qxc2 38. Bxd5 a4 39. Kg2 a3 40. Qe1
c4 41. Qf1 c3 42. Bb3 Qd2 43. Qd1 Qxf2+ 44. Kh1 Be5 45. Qg1 Bxg3 46. Qxf2 Bxf2
47. Kg2 Bb6 48. Kf3 f5 49. Bc2 Kf6 50. Ke2 Ke5 51. Kd3 Bd4 52. Kc4 g5 53. Kb3
g4 54. hxg4 fxg4 55. Bd3 g3 56. Bf1 Ke4 57. Kc2 Ke3 58. Bh3 Kf2 59. Kd3 g2 0-1

[Event "5th IT Lukavac 2016"]
[Site "Lukavac"]
[Date "2016.11.26"]
[Round "4.36"]
[White "Hodzic, Mujo"]
[Black "Pleh, Semir"]
[Result "1-0"]
[WhiteElo "1441"]
[BlackElo "1702"]
[PlyCount "123"]
[EventDate "2016.11.24"]

1. d4 d5 2. g3 c5 3. Nf3 Nf6 4. Bg2 Nc6 5. O-O e6 6. b3 b5 7. c4 bxc4 8. bxc4
Qc7 9. Nc3 dxc4 10. Ne5 Bb7 11. Qa4 Rc8 12. Rb1 Ba8 13. Bf4 Bd6 14. Nxc6 Bxc6
15. Bxc6+ Qxc6 16. Bxd6 Qxa4 17. Nxa4 cxd4 18. Be5 Ne4 19. Rbd1 c3 20. Bxd4 c2
21. Rc1 Rc4 22. Bxg7 Rg8 23. Nb2 Rb4 24. Nd3 Ra4 25. Bb2 Rc4 26. f3 Nd6 27. Ne1
Rg5 28. Nxc2 Rb5 29. Ba3 Nf5 30. Nb4 Rbxb4 31. Bxb4 Rxb4 32. Kf2 Rb2 33. Rb1
Rxa2 34. Ra1 Rb2 35. Rxa7 Nd4 36. Re1 e5 37. Kf1 Kf8 38. Ra5 f6 39. Ra7 Kg8 40.
Rc1 Nc2 41. Rd7 Kf8 42. Kf2 Ra2 43. Rd2 Nb4 44. Rxa2 Nxa2 45. Rc7 Kg8 46. f4
exf4 47. gxf4 Nb4 48. e4 Na6 49. Rc6 Nb4 50. Rxf6 Kg7 51. Rb6 Nc2 52. Rd6 Na3
53. Kg3 Nc4 54. Rc6 Ne3 55. h4 Kf7 56. f5 h5 57. Kf4 Ng2+ 58. Kg5 Kg7 59. f6+
Kh7 60. Rc7+ Kg8 61. f7+ Kf8 62. Kf6 1-0

[Event "5th IT Lukavac 2016"]
[Site "Lukavac"]
[Date "2016.11.26"]
[Round "5.1"]
[White "Mrndjic, Muamer"]
[Black "Vajic, Goran"]
[Result "1/2-1/2"]
[WhiteElo "2257"]
[BlackElo "2295"]
[PlyCount "174"]
[EventDate "2016.11.24"]

1. d4 Nf6 2. Nf3 g6 3. c4 Bg7 4. Nc3 O-O 5. e4 d6 6. h3 e5 7. d5 Na6 8. Bd3 Nc5
9. Bc2 a5 10. Bg5 h6 11. Be3 b6 12. Qd2 Kh7 13. g4 Ng8 14. O-O-O Bd7 15. Rhg1
Qe7 16. h4 Rfb8 17. a4 Rf8 18. h5 g5 19. Nh2 Bf6 20. f3 Ra7 21. Nf1 Rfa8 22.
Ng3 Qe8 23. b3 Be7 24. Kb2 f6 25. Nf5 Bf8 26. Nb5 Bxb5 27. cxb5 Ne7 28. Ng3 Nc8
29. Bf2 Be7 30. Nf5 Bf8 31. Ra1 Ne7 32. Ne3 Nc8 33. Nc4 Kg7 34. Qe2 Be7 35. Be1
Bd8 36. Bc3 Kf7 37. Raf1 Kg7 38. Bb1 Qf7 39. Qc2 Kh8 40. Re1 Nd7 41. Rgf1 Ne7
42. Qe2 Ng8 43. Bc2 Nc5 44. Ra1 Qd7 45. Ra2 Kg7 46. Rfa1 Ne7 47. Kc1 Qe8 48.
Kd1 Nc8 49. Ke1 Be7 50. Kf2 Bf8 51. Kg2 Be7 52. Ne3 Bd8 53. b4 axb4 54. Bxb4
Qd7 55. Qc4 Kh7 56. Nd1 Nb7 57. Nb2 Kg7 58. Nd3 Na5 59. Qc3 Nb7 60. Nb2 Be7 61.
Nc4 Nc5 62. Ra3 Kf7 63. Bd1 Kg7 64. Nb2 Kf7 65. Be2 Nb7 66. Nc4 Nc5 67. a5 Kg8
68. axb6 cxb6 69. Bxc5 dxc5 70. Qb3 Rxa3 71. Rxa3 Rxa3 72. Qxa3 Kf8 73. Qa8 Bd8
74. Qb8 Qc7 75. Qa8 Nd6 76. Nxd6 Qxd6 77. Qc8 c4 78. Bxc4 Qc7 79. Qa8 Ke8 80.
Qa2 Be7 81. d6 Qxd6 82. Bd5 Qa3 83. Bc6+ Kf8 84. Qe6 Qb2+ 85. Kg3 Qc1 86. Qc8+
Kg7 87. Qd7 Qg1+ 1/2-1/2

[Event "5th IT Lukavac 2016"]
[Site "Lukavac"]
[Date "2016.11.26"]
[Round "5.2"]
[White "Kozarcanin, Sead"]
[Black "Trkulja, Goran"]
[Result "1/2-1/2"]
[WhiteElo "2030"]
[BlackElo "2301"]
[PlyCount "111"]
[EventDate "2016.11.24"]

1. Nf3 d6 2. d3 e5 3. e4 g6 4. g3 Bg7 5. Bg2 Ne7 6. c3 O-O 7. O-O h6 8. d4 Nbc6
9. dxe5 dxe5 10. Na3 Be6 11. Qe2 Nc8 12. Nc4 Nb6 13. Nfd2 Qd7 14. b4 Rfd8 15.
b5 Nxc4 16. Nxc4 Bxc4 17. Qxc4 Na5 18. Qa4 b6 19. Be3 Qd3 20. Rfd1 Qc4 21. Qxc4
Nxc4 22. Rd5 Rxd5 23. exd5 f5 24. d6 e4 25. dxc7 Nxe3 26. fxe3 Rc8 27. g4 Rxc7
28. gxf5 gxf5 29. Rf1 Rc5 30. Bh3 Rxc3 31. Bxf5 Rxe3 32. Rf4 Bd4 33. Kg2 Re2+
34. Kh3 Be5 35. Rxe4 Rxh2+ 36. Kg4 Bf6 37. Kg3 Rh5 38. Bd7 Be5+ 39. Kf3 Kf7 40.
Ra4 Bb8 41. Re4 Rc5 42. Ra4 Ke7 43. Bc6 a5 44. bxa6 Rxc6 45. a7 Bxa7 46. Rxa7+
Kd6 47. Ke4 Kc5 48. Ra3 Kb4 49. Rb3+ Kc4 50. Rb1 Rg6 51. a4 h5 52. Rb5 Rh6 53.
Kf3 Rc6 54. Kg3 Kc3 55. a5 bxa5 56. Rxa5 1/2-1/2

[Event "5th IT Lukavac 2016"]
[Site "Lukavac"]
[Date "2016.11.26"]
[Round "5.3"]
[White "Sitnic, Adnan"]
[Black "Hadzipasic, Emir"]
[Result "1/2-1/2"]
[WhiteElo "2247"]
[BlackElo "2074"]
[PlyCount "22"]
[EventDate "2016.11.24"]

1. e4 e5 2. Nc3 Nf6 3. Bc4 Bc5 4. d3 h6 5. Be3 Bb6 6. Nf3 Nc6 7. a3 d6 8. Qe2
O-O 9. h3 Be6 10. Bxe6 fxe6 11. Bxb6 axb6 1/2-1/2

[Event "5th IT Lukavac 2016"]
[Site "Lukavac"]
[Date "2016.11.26"]
[Round "5.5"]
[White "Ahmic, Nesim"]
[Black "Obad, Andrija"]
[Result "1-0"]
[WhiteElo "2006"]
[BlackElo "2260"]
[PlyCount "111"]
[EventDate "2016.11.24"]

1. d4 Nf6 2. c3 e6 3. Bf4 Nh5 4. Bc1 Nf6 5. Bf4 b6 6. e3 Bb7 7. Nd2 Be7 8. Ngf3
O-O 9. Bd3 d5 10. Qe2 Nbd7 11. a3 c5 12. Rc1 Ne4 13. O-O Ndf6 14. Rcd1 a5 15.
Rfe1 Nxd2 16. Nxd2 c4 17. Bb1 b5 18. Bg5 b4 19. axb4 axb4 20. Bxf6 Bxf6 21. e4
bxc3 22. bxc3 Ra3 23. Qe3 g6 24. e5 Bg7 25. f4 Bc6 26. Rc1 Qe7 27. Nf3 Rb8 28.
g4 Bd7 29. Kg2 Rbb3 30. Kg3 Bf8 31. Nd2 Rb2 32. Rf1 Qd8 33. f5 Be7 34. f6 Bb4
35. Rf3 Bf8 36. h4 Qb8 37. h5 Be8 38. Rcf1 Rb7 39. Rh1 Ra1 40. Rff1 Raa7 41.
Qf4 Ra3 42. Rf3 Ra1 43. hxg6 fxg6 44. g5 Raa7 45. Qg4 Qc8 46. Kf4 Rb2 47. Rf2
Rf7 48. Bxg6 Rxf6+ 49. gxf6 Bxg6 50. Rfh2 Rb7 51. Nf3 Qe8 52. Ng5 h5 53. Rxh5
Bxh5 54. Rxh5 Qg6 55. Qxe6+ Rf7 56. Qxf7+ 1-0

[Event "5th IT Lukavac 2016"]
[Site "Lukavac"]
[Date "2016.11.26"]
[Round "5.6"]
[White "Omanovic, Vahidin"]
[Black "Budimir, Boris"]
[Result "0-1"]
[WhiteElo "2002"]
[BlackElo "2245"]
[PlyCount "46"]
[EventDate "2016.11.24"]

1. e4 c5 2. Nf3 Nc6 3. Nc3 d6 4. Bc4 e6 5. d3 Nf6 6. Bg5 Be7 7. a3 a6 8. O-O
O-O 9. Qd2 h6 10. Bh4 b5 11. Ba2 Rb8 12. Rfe1 a5 13. a4 b4 14. Nb5 Ba6 15. Nxd6
Qxd6 16. e5 Qd8 17. exf6 Bxf6 18. Bxf6 Qxf6 19. Qe3 Qe7 20. Rad1 Rbc8 21. Bd5
Nd4 22. Nxd4 cxd4 23. Qxd4 Qd6 0-1

[Event "5th IT Lukavac 2016"]
[Site "Lukavac"]
[Date "2016.11.26"]
[Round "5.7"]
[White "Jovovic, Milan"]
[Black "Aleksic, Neven"]
[Result "1-0"]
[WhiteElo "1974"]
[BlackElo "2131"]
[PlyCount "25"]
[EventDate "2016.11.24"]

1. d4 Nf6 2. c4 e6 3. Nc3 Bb4 4. Qc2 d5 5. a3 Bxc3+ 6. Qxc3 Ne4 7. Qc2 c5 8.
dxc5 Nc6 9. Nf3 Qa5+ 10. Nd2 Nd4 11. Qd3 e5 12. b4 Nxc5 13. Qxd4 1-0

[Event "5th IT Lukavac 2016"]
[Site "Lukavac"]
[Date "2016.11.26"]
[Round "5.8"]
[White "Prskalo, Vladislav"]
[Black "Avdic, Adnan A"]
[Result "1-0"]
[WhiteElo "1980"]
[BlackElo "2030"]
[PlyCount "24"]
[EventDate "2016.11.24"]

1. e4 Nf6 2. e5 Nd5 3. d4 d6 4. c4 Nb6 5. Nf3 Bg4 6. exd6 exd6 7. Be2 Be7 8.
O-O O-O 9. Nc3 Nc6 10. b3 Re8 11. h3 Bh5 12. Be3 d5 1-0

[Event "5th IT Lukavac 2016"]
[Site "Lukavac"]
[Date "2016.11.26"]
[Round "5.9"]
[White "Rosic, Slavko S"]
[Black "Alic, Amir"]
[Result "1-0"]
[WhiteElo "2255"]
[BlackElo "1998"]
[PlyCount "75"]
[EventDate "2016.11.24"]

1. e4 e5 2. Nf3 Nc6 3. d4 exd4 4. Nxd4 Qf6 5. Be3 Bc5 6. c3 Nge7 7. Nc2 Bd6 8.
Nd2 Ng6 9. g3 Qe7 10. f4 Bc5 11. Qf3 d6 12. Bxc5 dxc5 13. Ne3 Bd7 14. Nd5 Qd8
15. O-O-O Nce7 16. Nb3 c6 17. Ne3 b6 18. h4 Qc7 19. Nc4 Nc8 20. h5 Nf8 21. Ne5
Be6 22. Bh3 Bxh3 23. Rxh3 Nd6 24. Rh2 f6 25. Rhd2 Rd8 26. h6 fxe5 27. hxg7 Qxg7
28. Rxd6 Rxd6 29. Rxd6 Ng6 30. f5 O-O 31. Nd2 Qe7 32. Qd3 Nh8 33. Re6 Qg5 34.
Rxc6 Nf7 35. Rc7 Rd8 36. Rd7 Rxd7 37. Qxd7 Qxg3 38. f6 1-0

[Event "5th IT Lukavac 2016"]
[Site "Lukavac"]
[Date "2016.11.26"]
[Round "5.10"]
[White "Salkic, Mahir"]
[Black "Barisic, Predrag"]
[Result "0-1"]
[WhiteElo "2151"]
[BlackElo "1954"]
[PlyCount "58"]
[EventDate "2016.11.24"]

1. d4 Nf6 2. Nf3 d5 3. c4 e6 4. Nc3 Bb4 5. cxd5 exd5 6. Bg5 O-O 7. e3 h6 8.
Bxf6 Qxf6 9. Qb3 Qb6 10. Bd3 c6 11. O-O Nd7 12. Na4 Qa5 13. a3 Bd6 14. Rfc1 Nf6
15. Nc5 Qc7 16. h3 Re8 17. Qc2 Qe7 18. b4 b6 19. Na4 Bb7 20. Nc3 g6 21. Qa4 a5
22. b5 c5 23. dxc5 bxc5 24. Qh4 c4 25. Be2 Bxa3 26. Rc2 Kg7 27. Nd4 Bb4 28. Qg3
Kh7 29. Bf3 Bd6 0-1

[Event "5th IT Lukavac 2016"]
[Site "Lukavac"]
[Date "2016.11.26"]
[Round "5.11"]
[White "Yurdakul, Didem Nuray"]
[Black "Obuca, Bajro"]
[Result "0-1"]
[WhiteElo "1562"]
[BlackElo "2114"]
[PlyCount "86"]
[EventDate "2016.11.24"]

1. e4 e5 2. Nf3 Nc6 3. d4 exd4 4. Bc4 Nf6 5. e5 d5 6. Bb5 Ne4 7. Nxd4 Bd7 8.
Bxc6 bxc6 9. O-O Be7 10. f3 Nc5 11. f4 Ne4 12. Be3 c5 13. Nf3 d4 14. Bf2 Nxf2
15. Rxf2 Bf5 16. Nbd2 O-O 17. Nc4 Qd7 18. Rd2 Qe6 19. Qe2 Rfd8 20. b3 Qh6 21.
Rf1 Qg6 22. Qf2 h6 23. Nb2 Qa6 24. a4 Rd7 25. Nh4 Bxh4 26. Qxh4 Qg6 27. Nd3 Rd5
28. Rf3 Rb8 29. Rg3 Qe6 30. Nf2 c4 31. bxc4 Rb1+ 32. Nd1 Rd7 33. Kf2 Bxc2 34.
Rxc2 Rxd1 35. Qh5 Rb1 36. Qe2 Qf5 37. Qd2 c5 38. Rf3 Rdb7 39. a5 R7b3 40. h3 a6
41. g4 Qe4 42. Rg3 Qh1 43. Rxb3 Rxb3 0-1

[Event "5th IT Lukavac 2016"]
[Site "Lukavac"]
[Date "2016.11.26"]
[Round "5.12"]
[White "Markovic, Dino"]
[Black "Kaplan, Ebru"]
[Result "1/2-1/2"]
[WhiteElo "2065"]
[BlackElo "1954"]
[PlyCount "53"]
[EventDate "2016.11.24"]

1. d4 Nf6 2. c4 g6 3. Nc3 Bg7 4. e4 d6 5. f3 O-O 6. Be3 c5 7. Nge2 Nc6 8. Qd2
Qa5 9. Rd1 a6 10. Nc1 cxd4 11. Bxd4 Nxd4 12. Qxd4 Be6 13. Qd2 Rfc8 14. Nb3 Qb4
15. Nd5 Qxd2+ 16. Rxd2 Bxd5 17. cxd5 Rc7 18. Bd3 Rac8 19. Ke2 Nd7 20. f4 Nb6
21. Kf3 Na4 22. Rb1 Nc5 23. Nxc5 Rxc5 24. b3 h5 25. g3 Bh6 26. Rbb2 Rc3 27. Ke3
1/2-1/2

[Event "5th IT Lukavac 2016"]
[Site "Lukavac"]
[Date "2016.11.26"]
[Round "5.13"]
[White "Nezirovic, Ozren"]
[Black "Pozegic, Semso"]
[Result "1-0"]
[WhiteElo "2039"]
[BlackElo "1873"]
[PlyCount "29"]
[EventDate "2016.11.24"]

1. e4 e5 2. Bc4 Nc6 3. Nf3 Bc5 4. c3 d6 5. d4 exd4 6. cxd4 Bb4+ 7. Nc3 h6 8.
Qb3 Qe7 9. O-O Bxc3 10. bxc3 Nf6 11. e5 dxe5 12. Ba3 Qd7 13. Nxe5 Nxe5 14. dxe5
Nh5 15. e6 1-0